| 000 | 02044nam a22003137a 4500 | ||
|---|---|---|---|
| 999 |
_c61801 _d61801 |
||
| 003 | Ge_BSU | ||
| 005 | 20240514160430.0 | ||
| 008 | 240514s2022 ge ||||| |||| 00| 0 geo d | ||
| 020 | _a9789941850110 | ||
| 041 | _aeng | ||
| 080 | _a929(479.22) ჯ-21 | ||
| 100 |
_aჯანელიძე, ოთარ _91743 |
||
| 245 |
_aზუბალაშვილები, დავით სარაჯიშვილი, აკაკი ხოშტარია, მიტროფანე ლაღიძე და სხვანი... / _cოთარ ჯანელიძე ; რედაქტორი პაატა ნაცვლიშვილი; დიზაინი ელენე ვარამაშვილი. |
||
| 250 | _a(მე-2 გამოცემა). | ||
| 264 |
_aთბილისი : _b ალტერნატიული მედია საშუალება, _c2022. |
||
| 300 |
_a432 გვ. : _bფოტ. ; _c21 სმ. |
||
| 500 | _aწიგნი გამოიცა ბიზნესმენ ლადო საყვარელიძის ფინანსური მხარდაჭერით. | ||
| 504 | _aბიბლიოგრაფია ტექსტის შენიშვნებში. | ||
| 653 | _aზუბალაშვილები | ||
| 653 | _aსარაჯიშვილი, დავით, 1848-1911 | ||
| 653 | _aხოშტარია, აკაკი, 1873-1932 | ||
| 653 | _aლაღიძე, მიტროფანე, 1869-1960 | ||
| 653 | _aქართველი ქველმოქმედები | ||
| 653 | _aქართველი მეწარმეები | ||
| 653 | _aქართველ მოღვაწეთა ბიოგრაფიები | ||
| 700 |
_aნაცვლიშვილი, პაატა _eრედაქტორი _914447 |
||
| 700 |
_aვარამაშვილი, ელენე _eდიზაინერი _95082 |
||
| 942 |
_2udc _cᲬᲘᲒᲜᲘ |
||